EXPERIMENTAL INVESTIGATION INTO THE EFFECT OF THE FLEXURAL RIGIDITY OF FLANGES UPON THE POST-BUCKLED BEHAVIOUR OF THIN WEBS IN SHEAR

Bibliographic Details
Main Authors: Syrovátka, Bohumil (Author), Zörnerová, Marie (Author), Škaloud, Miroslav, 1930- (Author)
Format: Article
Language:English

MARC

LEADER 00000nab a2200000uu 4500
001 vtls010895231
003 SK-MaSNL
005 20260303142139.0
008 230222|1970 xo |||||||||||||||||eng|
015 |a SNBRB 
035 |a (urnnbn)urn:nbn:sk:snk:ar-006hup 
035 |a (uuid)b0641460-e623-4107-a90f-a9ac0f3872bd 
035 |a urn:nbn:sk:snk-ab8o6b 
040 |a SNKBUCL  |b slo  |c SNKBUCL  |e AACR2 
041 0 |a eng 
044 |a xo  |c SK 
100 1 |a Syrovátka, Bohumil  |4 aut  |9 1162269 
245 1 0 |a EXPERIMENTAL INVESTIGATION INTO THE EFFECT OF THE FLEXURAL RIGIDITY OF FLANGES UPON THE POST-BUCKLED BEHAVIOUR OF THIN WEBS IN SHEAR  |c Bohumil Syrovátka, Marie Zörnerová, Miroslav Škaloud 
700 1 |a Zörnerová, Marie  |4 aut  |9 991822 
700 1 |a Škaloud, Miroslav,  |d 1930-  |4 aut  |9 218914 
773 0 |t Stavebnícky časopis : mesačník pre teoretické problémy stavebných látok a konštrukcií  |g Roč. 18, č. 7 (1970), s. 578-580 
958 |a OND 
958 |a EUIPO 
958 |a article10 
999 |c 1981021  |d 1982951